[Event "TUR-ch op"]
[Site "Antalya"]
[Date "2008.02.05"]
[Round "4.46"]
[White "Ulusoy, Mustafa"]
[Black "Tavalioglu, Ali"]
[Result "0-1"]
[WhiteElo "1750"]
[BlackElo "1574"]
[PlyCount "86"]
[EventDate "2008.02.04"]
[EventType "swiss"]
[EventRounds "11"]
[EventCountry "TUR"]
[SourceTitle "CBM 122 Extra"]
[Source "ChessBase"]
[SourceDate "2008.03.04"]
[SourceVersion "1"]
[SourceVersionDate "2008.03.04"]
[SourceQuality "1"]

1. d4 d5 2. c4 Nc6 3. Nf3 Bg4 4. Ne5 Nxe5 5. dxe5 dxc4 6. Qa4+ Qd7 7. Qxc4 0-0-0 8. Nc3 Be6 9. Qa4 Qxa4 10. Nxa4 Bd7 11. Nc3 e6 12. a3 Ne7 13. Bg5 h6 14. Bh4 g5 15. Bg3 Nf5 16. e3 Bg7 17. f4 Nxe3 18. Kf2 Nf5 19. Rd1 Bc6 20. Bb5 Bxb5 21. Nxb5 a6 22. Nc3 f6 23. exf6 Bxf6 24. fxg5 hxg5 25. Na4 Nxg3 26. Kxg3 Be5+ 27. Kg4 Rxd1 28. Rxd1 Rxh2 29. Kf3 Bd6 30. Rd2 Rh4 31. g4 Rh3+ 32. Ke4 Rg3 33. Nc3 Rxg4+ 34. Kd3 Rg3+ 35. Kc4 Kd7 36. Rd1 Rg2 37. Kb3 g4 38. Ne4 g3 39. Nc5+ Kc6 40. Nxe6 Rf2 41. Nd4+ Kb6 42. Ka4 g2 43. b4 Rf1 0-1

[Event "TUR-ch op"]
[Site "Antalya"]
[Date "2008.02.04"]
[Round "2.56"]
[White "Pekol, Erdem"]
[Black "Tavalioglu, Ali"]
[Result "1/2-1/2"]
[WhiteElo "1849"]
[BlackElo "1574"]
[PlyCount "100"]
[EventDate "2008.02.04"]
[EventType "swiss"]
[EventRounds "11"]
[EventCountry "TUR"]
[SourceTitle "CBM 122 Extra"]
[Source "ChessBase"]
[SourceDate "2008.03.04"]
[SourceVersion "1"]
[SourceVersionDate "2008.03.04"]
[SourceQuality "1"]

1. d4 Nf6 2. Nf3 d5 3. e3 g6 4. b3 Bg7 5. Bb2 0-0 6. h3 c6 7. Bd3 a5 8. a4 Re8 9. Nbd2 Bd7 10. 0-0 Na6 11. Ne5 Bc8 12. Ba3 Nd7 13. Nxd7 Bxd7 14. f4 Qc8 15. c3 Nc7 16. Qc2 Bh6 17. Rae1 f5 18. Nf3 Bg7 19. Ne5 Qd8 20. Re2 Rf8 21. Kh2 Ne8 22. g3 Nf6 23. Rg2 Be6 24. c4 Rc8 25. Qb2 Qc7 26. b4 axb4 27. Qxb4 Rfe8 28. Rb2 Rb8 29. Qb6 Qc8 30. Rfb1 dxc4 31. Bxc4 Bxc4 32. Nxc4 Nd5 33. Qb3 b5 34. axb5 Rxb5 35. Qd3 Qd7 36. Rxb5 cxb5 37. Ne5 Bxe5 38. dxe5 e6 39. Rxb5 Rc8 40. Bc5 Qc6 41. g4 Qa6 42. Bd4 Kf7 43. Qb3 Rc7 44. Kg3 Qc8 45. Rb8 Qa6 46. Qb5 Qxb5 47. Rxb5 Ne7 48. Bc5 Nd5 49. Bd4 Ke7 50. Kf3 Kd7 1/2-1/2

[Event "TUR-ch op"]
[Site "Antalya"]
[Date "2008.02.04"]
[Round "1.40"]
[White "Tavalioglu, Ali"]
[Black "Sipahioglu, Irmak"]
[Result "0-1"]
[WhiteElo "1574"]
[BlackElo "2019"]
[PlyCount "146"]
[EventDate "2008.02.04"]
[EventType "swiss"]
[EventRounds "11"]
[EventCountry "TUR"]
[SourceTitle "CBM 122 Extra"]
[Source "ChessBase"]
[SourceDate "2008.03.04"]
[SourceVersion "1"]
[SourceVersionDate "2008.03.04"]
[SourceQuality "1"]

1. c4 Nf6 2. Nf3 g6 3. g3 Bg7 4. Bg2 0-0 5. 0-0 c6 6. Nc3 d5 7. cxd5 cxd5 8. d4 Nc6 9. a3 a6 10. Bg5 Ne4 11. Bc1 Nxc3 12. bxc3 e6 13. Bd2 Na5 14. Qc2 Nc4 15. Bf4 Qa5 16. Nd2 Nxd2 17. Bxd2 Bd7 18. c4 Qc7 19. Rac1 dxc4 20. Qxc4 Qxc4 21. Rxc4 Bb5 22. Rb4 Rad8 23. Be3 Rd7 24. Bf3 Rfd8 25. Rc1 Bxd4 26. a4 Bxe3 27. fxe3 Rd1+ 28. Rxd1 Rxd1+ 29. Kf2 Bc6 30. Bxc6 bxc6 31. Rb6 a5 32. Rxc6 Ra1 33. Rc4 Kf8 34. e4 e5 35. Ke3 Ke7 36. Kd3 Kf6 37. Kc3 Rh1 38. Kd2 Ra1 39. h4 Ra3 40. e3 Ra2+ 41. Kd3 h5 42. Kc3 Ke6 43. Kd3 Kd6 44. Kc3 Rg2 45. Rc8 Rxg3 46. Kd3 Rh3 47. Ra8 Rxh4 48. Rxa5 Rh2 49. Ra7 Ke6 50. a5 h4 51. Ra8 Ra2 52. a6 h3 53. Rh8 Rxa6 54. Rxh3 Ra2 55. Rf3 Rh2 56. Rf1 f6 57. Rd1 Rf2 58. Rd2 Rxd2+ 59. Kxd2 Kf7 60. Ke2 Kg7 61. Kf3 g5 62. Kg3 Kh6 63. Kh3 Kh5 64. Kg3 g4 65. Kg2 Kh4 66. Kh2 Kh5 67. Kg2 Kg5 68. Kg3 f5 69. Kf2 f4 70. Ke2 f3+ 71. Kf2 Kh4 72. Kg1 Kg3 73. Kh1 Kf2 0-1